Statistics for Baby Animal Names

Click here to take the quiz!

General Stats

  • This quiz has been taken 325 times
  • The average score is 12 of 18

Answer Stats

HintAnswer% Correct
SkunkKit
97%
CatKitten
96%
KangarooJoey
88%
DuckDuckling
86%
FrogTadpole
85%
GoatKid
82%
DeerFawn
76%
GooseGosling
72%
CheetahCub
68%
OwlOwlet
65%
EagleEaglet
56%
FlyMaggot
52%
MuleFoal
48%
BeeLarva
48%
GullChick
47%
BatPup
39%
CamelCalf
38%
FishFry
25%

Score Distribution

Percentile by Number Answered

Percent of People with Each Score

Your Score History

You have not taken this quiz